000 00693nam a22002293 4500
999 _c8890
_d8890
001 8890
003 BD - JhCC
005 20180324191746.0
008 970522s1949 xx 000 0 und d
035 _a(BD - JhCC)8890
040 _aEQO
_cEQO
_dBD-JhCC
041 _aeng
082 _bYOU 1949
_a428.2441
100 1 _aYoull, D.
245 1 0 _aEnglish for the business world :
_ba practical class-book for secondary, technical and commercial students /
_cD. Youll,
260 _aEdinb.,
_c[1949].
_bMcdougall's educational co. ,
300 _a112 p. :
_c21 cm.
650 _aEnglish language--Business English
650 _aCommercial correspondence
942 _2ddc
_cBK